Statistics for Quiz All About The Film Love Actually

Click here to take the quiz!

General Stats

  • This quiz has been taken 339 times
    (333 since last reset)
  • The average score is 74 of 185

Answer Stats

QuestionAnswer% Correct
Which UK holiday do the storylines in the film centre around?Christmas
100%
Which English city was the film set in?London
99%
Jamie went to which language school to study portuguese?Central London
95%
Which UK airport does he talk about during this voiceover?Heathrow
93%
In what year was Love Actually released in the UK?2003
91%
How many backing singers did he have in the studio?3
89%
At the start of the film how many weeks were there till Christmas?5
85%
Which actor is narrating the beginning of the film?Hugh Grant
85%
Complete this quote ' Love actually is ....'All around
83%
And what relation to her were they? | What relation was he to Karen?Brother
80%
What was the full title of the song he recorded to release in a bid to get Christmas No.1?Christmas Is All Around
80%
Karen allowed the kids to open how many presents each before they went out?1
79%
And which actor played him?Alan Rickman
79%
And which British actress played her?Emma Thompson
72%
What was his wife called?Karen
72%
In one scene we saw one of these children tell their mother they won the part of what in the school's nativity play? (be specific)First lobster
71%
What was the name of the new member of household staff at No.10?Natalie
71%
How many sexy women or 'vixens' danced with instruments in Billy's video for his song?7
70%
And which actor played him?Bill Nighy
70%
Which famous British actor portrayed him?Colin Firth
70%
What was the name of his wife whose funeral we see in the film? | What was the name of the popular girl who Sam was in love with at school?Joanna
70%
What was the name of Great Britain's newly-elected Prime Minister in the film?David
69%
Which track number did she play in the bedroom?7
68%
Complete the address of the UK Prime Minister as seen in the film No.10....?Downing Street
67%
The bride was portrayed by which famous British actress?Keira Knightley
66%
What was the name of the married managing director of the design agency where a few of the other characters worked?Harry
65%
How old was Sam in the film?11
64%
What was the name of his stepson? | Who played the drums during this song?Sam
64%
This person describes himself as a God of what?Sex
63%
What was the name of his housekeeper there who he falls in love with?Aurelia
62%
The best man surprised the bride and groom with a choir and a singer who sang which Beatles song?All You Need Is Love
61%
What was the name of the female body double who simulated sex with him for a film?Judy
61%
Which famous British Hollywood star portrayed him?Liam Neeson
61%
And which British comedy actor played him?Martin Freeman
61%
What was the name of the ageing rockstar who was trying to make a comeback?Billy Mack
60%
Which instrument did Sam take up to try and impress this girl?Drums
60%
What was the name of the male body double who was seen simulating sex scenes for a film multiple times?John
60%
What was the name of the groom's best man who filmed the wedding?Mark
60%
What was the name of the couple who got married on the film?Peter and Juliet
60%
Did Aurelia agree to marry Jamie? | Did Billy get to Christmas No.1? | Did she chase after him and kiss him?Yes
60%
And what was the name of this friend?Sarah
59%
What was the name of the writer who's girlfriend cheated on him with his brother?Jamie
57%
What was the name of Harry's attractive new secretary?Mia
56%
What did Colin stuff his bag full of instead of clothes for his trip to America?Condoms
55%
Harry calls Sarah into his office to ask if she was going to make a move on which of her colleagues?Karl
55%
When Aurelia jumps in the lake to rescue the papers what does she warn Jamie to look out for?Eels
54%
Which actor played the shop assistant in the film that went a bit OTT with the gift-wrapping?Rowan Atkinson
54%
Which part of her body did she say her ex said were like tree trunks?Thighs
54%
What was the name of the other parent Daniel ran into on the way out played by Claudia Schiffer?Carol
53%
Which song did Joanna sing for this performance?All I Want For Christmas
52%
Which British boyband's poster did he write on on the show and were his competition for Christmas No.1?Blue
52%
In which country was Jamie's cottage?France
52%
Which film did Daniel and Sam watch to help him win this girl?Titanic
52%
What did Aurelia move off the table that made all the pages of Jamie's novel blow away?Mug
51%
What sea creature was her nephew dressed as?Octopus
51%
Which famous model did this person suggest her husband bring as his date to her funeral?Claudia Schiffer
50%
What was the name of the recently widowed stepdad?Daniel
50%
Which famous British artist invited him to a party?Elton John
50%
Which previous UK Prime Minister's picture was on the wall in David's office which he referred to as a 'saucy minx'?Margaret Thatcher
50%
Which nationality was she?Portuguese
50%
Which presenting duo appeared in the film as themselves ?Ant and Dec
49%
Which American popstar did Billy say was the best shag he ever had but then changed his mind and said she was rubbish?Britney Spears
49%
Which Bay City Rollers song did she choose to say her final farewell at her funeral?Bye Bye Baby
49%
He describes the food on the tray as dodgy and looking like what part of a baby?Finger
48%
Back at the wedding reception Mark is asked by a friend if he is in love with who?Peter
48%
Where did she say she would be at the Christmas party waiting to be kissed?Under the mistletoe
48%
Karen tells Daniel that no one will shag him if he does what all the time?Cry
47%
Who does she live with there?Parents
46%
What did Mark tell Juliet to say to Peter was at the door to cover up him being there to tell her how he feels?Carol Singers
45%
What type of novel was Jamie writing?Crime
45%
What personalised gift did Billy give away in a competition on their show in the movie?Felt Tip Pen
45%
And another person was hiding behind the pulpit in the church which instrument did he play?Guitar
45%
Which band recorded the song 'Love Is All Around' which this song was based on?The Troggs
45%
The owner of the restaurant didn't want Aurelia to marry Jamie because she was his best what?Waitress
45%
On which day did Billy say he would perform his song naked on live TV if he got to No.1?Christmas Eve
44%
What did Sarah give Michael for christmas?Scarf
44%
David likes to have which type of biscuits with his cups of tea?Chocolate
43%
Who were caught snogging when the curtain came down?David and Natalie
42%
Billy decided to leave the party and spend christmas with who instead? | What was the name of this singer's long-suffering manager?Joe
42%
The scenes of people faded out and fused together to form the big symbol of a what?Heart
41%
David asked Annie to 'redistribute' Natalie after catching her in a clinch with who?President
41%
Which song did he play which gave him that title?Puppy Love
41%
Which christmas carol on the cd player was playing while he did this?Silent Night
41%
Which excuse did his brother give him for being in his house with his girlfriend while he was at the wedding? He was borrowing what?CDs
40%
When she saw David on the doorstep she was coming downstairs looking for what?Coat
40%
When she opened hers she got a CD by which female artist?Joni Mitchell
40%
Where did Colin say he had booked a ticket to in America?Wisconsin
40%
Which British soap actress played her?Martine McCutcheon
39%
What superhero did one of the children dressed as a king have painted on his face?Spiderman
39%
Which road junction did he say was total gridlock on his way into work that day?13
38%
What dessert did Juliet take to Marks when she went to ask about a wedding video?Banoffee Pie
37%
And which actress portrayed her?Joanna Page
37%
When David arrived back Natalie ran up to him and did what?Jumped on him and kissed him
36%
On the cards he showed her which word did he use to describe her?Perfect
36%
What song did David dance to around No.10?Jump For My Love
35%
Which American actress played her?Laura Linney
35%
When Sarah went to visit her brother in the mental health facility who did he say was trying to kill him?Nurses
35%
Aurelia's sister told her to say yes and move to England so she could marry who instead?Prince William
35%
What did Jamie say was his favourite time of the day while he was away?Driving Aurelia home
34%
What was the name of the other girl who lived in the house?Harriet
34%
Who played the U.S President in the film?Billy Bob Thornton
33%
When Harry rang Mia to ask if she needed anything along the stationary line for xmas she asked for something what?Pretty
33%
What drink did he order at the bar?Budweiser
32%
What was the name of his best friend who was also an assistant on the movie that the body doubles were being filmed for?Tony
32%
Which actor played him?Andrew Lincoln
31%
The crowd followed Jamie and Aurelia's family through streets because they thought he wanted to do what to her?Kill
31%
Which four things did the shop assistant put in the bag with the giftbox?Roses lavender cinnamon holly
31%
What did she say this artist taught her how to do?Feel
30%
What christmassy item did the nude photos have on them in Mark's gallery?Santa hats
30%
Which number house did Mia live at?100
29%
And what was the name of the Prime Minister's female assistant and advisor?Annie
29%
Who rang Sarah's phone while she was kissing Karl at her flat?(name please)Michael
29%
What did Mia wear on her head at this party?Horns
28%
A band was hidden in the guests at the wedding ceremony it consisted of people playing instruments including trumpets,flutes,trombones and which other instrument?Saxophone
28%
What sweets did she also have in her pocket?Munchies
27%
Which radio station was this interview broadcast on?Radio Watford
27%
When she realises the video is all of her and questions Mark he said it was a what type of thing?Self preservation
27%
How did Colin describe English girls to this person?Stuck up
27%
When Juliet Peter and Mark met Jamie and Aurelia off the plane Aurelia described them all as what?Good looking
26%
He decided this because he had a what?Epiphany
25%
Karen left Harry in the department store to buy boring presents for which of their relatives?Mothers
25%
What was the name of the lady he tells this to who catered the reception?Nancy
25%
Which meant Natalie lived next door to Mia so her house number must have been what?102
24%
The girls said he would have to share a bed with them because there's no what?Couch
23%
They both were going to spend christmas getting what and watching what?Drunk porn
23%
Which couple were jetting off on their honeymoon and saud goodbye to Tony?John and Judy
22%
Which part of London did Natalie live in the 'dodgy' end?Wandsworth
22%
What did they want to ask The Pope and Jon Bon Jovi to perform?An exorcism
21%
To which school event did David escort her and her family as they were running late?Christmas Pageant
21%
John tells Judy he was a body double for Brad Pitt in which film?7 Years in Tibet
20%
At the wedding reception what was the name of the guy serving food and flirting with women?Colin Frissell
20%
What were the names of their two children?Daisy and Bernie
20%
Which Beach Boys song played in the closing scenes of the film?God only knows
20%
Which British comedy actor played him?Kris Marshall
20%
Which chatshow did Billy appear on to promote his song?Parkinson
20%
Karen compared herself to which classical singer while discussing Mia with Harry?Pavarotti
20%
What Sugababes song was playing at the Xmas party?Too Lost In You
20%
And which word did he use to describe his heart?Wasted
20%
Which house number did Jamie drop off christmas presents to his family at?21
19%
What two things about Jamie did Aurelia say she was going to miss about him?Slow typing and bad driving
19%
And which Scottish actor played him?Gregor Fisher
18%
When he arrived in America which Santana song was playing?Smooth
18%
Where was Colin's British accent from?Basildon
17%
Which Dido song was playing when Mark walked out?Here With Me
17%
What were the names of the three gorgeous American girls who invite him to stay with them because he's cute?Stacey Jeannie and Carol-Anne
17%
What song did the children sing on stage together at this event?Catch A Falling Star
16%
This video was a parody of a real music video of the song 'Addicted To Love' which is by which artist?Robert Palmer
16%
Which American TV Show did Mark say he probably taped over her wedding video with episodes of?The West Wing
16%
Which departure gate number did Sam tell Joanna how he felt about her before she got on the plane to America?36
15%
Harry wrote on the card on his gift to Karen that he was sorry for being such a what?Grumpy Bugger
15%
What was written on the chalkboard on Sam's bedroom door 1 week before xmas?Ringo Rules
15%
Which of his staff caught him dancing? (Name please)Mary
14%
What was the man who is in charge of everything at No.10 ?Terence
14%
How long after christmas did we catch up with everyone at the airport?A month
13%
Which British comedian played the radio DJ who interviewed Billy on his radio show?Marcus Brigstocke
13%
What was the name of the American Colin brought home with him to meet Tony along with Harriet?Carla
12%
Which carol did he and his bodyguard sing for them?Good King Wencelas
12%
And what was this Radio DJs name?Mike
12%
When he finished showing her the cards what did he give her before he walked away?Thumbs up
12%
Which number house did David knock on where two little girls answered?56
11%
What did Karen say to Harry when her and the kids met him off the plane? (Exact words please)Good to have you back
11%
What was the name of the housekeeper at No.10?Pat
11%
How much was the necklace Harry bought for Mia?£270
10%
In Natalie's christmas card to David she wrote that she was what ?Actually his
10%
After the show Karen challenged Harry over his behaviour with Mia he said he had been a what?Classic Fool
10%
What was the name of the woman Billy came off the plane with and introduced to Joe?Greta
10%
What was the name of David's driver?Terry
9%
And the name of his bodyguard?Gavin
8%
A song by which artist was playing while Sarah and Karl were dancing at the Xmas party?Norah Jones
8%
What did Karen say Harry normally gets her as a gift?Silk scarf
7%
Which British comedian played the wedding DJ who was 'the worst in history'?Junior Simpson
6%
What was the name of Aurelia's sister who her Dad thought Jamie wanted to marry?Sophia
6%
Which food and drink did Jamie pack in the boot of his car before he left to fly home?Brandy and garlic
5%
What waa the full name of Joanna's Mum who choreographed her performance?Jean Anderson
5%
What was the name of the Deputy Prime Minister?Alex
4%
What was the name of the teacher who introuduced the show?Mr Trench
4%
And what was the name of her son who was Sam's classmate?Tommy
4%
What were the names of her Aunt and Uncle?Lynn and Tony
2%
How long does she admit she has been in love with this person for? (Be specific)2 years 7 months 3 days 1 hour 30 mins
1%

Score Distribution

Percentile by Number Answered

Percent of People with Each Score

Your Score History

You have not taken this quiz since the last reset